Anteproyecto arquitectónico de Museo Etnográfico y Folklore para la ciudad de Bluefields, RAAS Nicaragua
Presenta diseño de Museo Etnográfico y de Flolklore para la ciudad de Blufields - RAAS Nicaragua, se analizan modelos análogos con el fin de obtener información acerca de la lógica funcional, la lógica constructiva y la estética de los museos etnográficos, se realizan estudios del sitio y se...
| Main Author: | |
|---|---|
| Other Authors: | |
| Format: | Tesis Section = Libro |
| Language: | Undetermined Spanish |
| Published: |
Managua
UNI
2010
|
| Subjects: |
| LEADER | 01070nam a2200217Ia 4500 | ||
|---|---|---|---|
| 008 | 240830s9999 xx 000 0 und d | ||
| 040 | |a BIBLIOTECA-RUSB/ T.Mon 727.6 C552 | ||
| 041 | |a spa | ||
| 082 | |a T.Mon 727.6 C552 | ||
| 100 | 1 | |a Chow Calero, Yader Leonel | |
| 245 | 1 | 0 | |a Anteproyecto arquitectónico de Museo Etnográfico y Folklore para la ciudad de Bluefields, RAAS Nicaragua |
| 260 | |a Managua |b UNI |c 2010 | ||
| 300 | |a 158 p. :il. | ||
| 500 | |a Contiene: anexos e Incluye: CD. | ||
| 502 | |a Tesis (Arquitecto) - UNI, 2010. | ||
| 520 | 3 | |a Presenta diseño de Museo Etnográfico y de Flolklore para la ciudad de Blufields - RAAS Nicaragua, se analizan modelos análogos con el fin de obtener información acerca de la lógica funcional, la lógica constructiva y la estética de los museos etnográficos, se realizan estudios del sitio y se elabora la propuesta de diseño arquitectónico. | |
| 650 | 7 | |a EDIFICIOS NUEVOS ARQUITECTURA - DISEÑOS Y PLANOS | |
| 700 | 1 | |a Tutor: |b Ortiz Oviedo, Ana Francis | |
| 942 | |c BK |2 ddc | ||
| 991 | |a TESIS | ||
| 999 | |c 22083 | ||